000 00342pam a2200157a 44500
008 230515b2006 xxu||||| |||| 00| 0 eng d
020 _a0
041 _aENGLISH
082 _a618.2 PAD
100 _aPADUBIDRI V.G.
245 _aOBSTETRICS
250 _a3 RD
260 _aNEW DELHI
_bN.D.
_c2006
300 _a171
650 _aOBSTETRICS
999 _c482547
_d482547